| 000 | 01055nam a22002057a 4500 | ||
|---|---|---|---|
| 999 |
_c63021 _d63021 |
||
| 003 | Ge_BSU | ||
| 005 | 20250508114559.0 | ||
| 008 | 250508s2004 ge ||||| |||| 00| 0 geo d | ||
| 020 | _a9994074628 | ||
| 041 | _ageo | ||
| 080 | _a330.101.541(479.22) ს-32 | ||
| 245 |
_aშრომები : _b4. საქართველოს ეკონომიკური მეცნიერებათა აკადემია / _cრედ. ლეო ჩიქავა, როზეტა ასთიანი, ნუგზარ სანთელაძე. |
||
| 264 |
_aთბილისი : _bსიახლე, _c2004. |
||
| 300 |
_a288 გვ.; _b20 სმ. |
||
| 520 | _aრეზიუმე თავების ბოლოს | ||
| 700 |
_aჩიქავა, ლეო _eრედაქტორი _925017 |
||
| 700 |
_aასთიანი, როზეტა _eრედაქტორი _925018 |
||
| 700 |
_aსანთელაძე, ნუგზარ _eრედაქტორი _925019 |
||
| 942 |
_2udc _cᲬᲘᲒᲜᲘ |
||